Terapéutica de los defectos de la coagulación / (Record no. 83577)

MARC details
000 -LEADER
campo de control de longitud fija 00695nam a2200181 i 4500
001 - NÚMERO DE CONTROL
campo de control 83577
003 - IDENTIFICADOR DE NÚMERO DE CONTROL
campo de control ES-MaACL
005 - FECHA Y HORA DE LA ÚLTIMA TRANSACCIÓN
campo de control 20230906174845.0
007 - CAMPO FIJO DE DESCRIPCIÓN FÍSICA--INFORMACIÓN GENERAL
campo de control de longitud fija t|
008 - DATOS DE LONGITUD FIJA--INFORMACIÓN GENERAL
campo de control de longitud fija 041117s1956 sp ||||1| spa d
100 1# - ENTRADA PRINCIPAL--NOMBRE DE PERSONA
Nombre de persona Introzzi, Paolo.
9 (RLIN) 65352
245 10 - MENCIÓN DEL TÍTULO
Título Terapéutica de los defectos de la coagulación /
Mención de responsabilidad, etc. Paolo Introzzi, Pietro de Nicola ; traducción de la 1ª edición italiana por M. Miserachs Rigalt.
260 ## - PUBLICACIÓN, DISTRIBUCIÓN, ETC.
Lugar de publicación, distribución, etc. Barcelona :
Nombre del editor, distribuidor, etc. Editorial Científico-Médica,
Fecha de publicación, distribución, etc. 1956 (
Fabricante Casa Provincial de Caridad, Imp. Escuela)
300 ## - DESCRIPCIÓN FÍSICA
Extensión VIII, 186 p. :
Otras características físicas il. ;
Dimensiones 25 cm.
700 1# - ENTRADA AGREGADA--NOMBRE PERSONAL
Nombre de persona Nicola, Pietro de.
9 (RLIN) 85553
700 1# - ENTRADA AGREGADA--NOMBRE PERSONAL
Nombre de persona Miserachs Rigalt, Manuel.
9 (RLIN) 81647
852 ## - LOCALIZACIÓN
Ubicación ES-MaACL
Número de control de estantería C-10886
Sublocalización o colección R.39311
Holdings
Estatus retirado Estado de pérdida Estado de daño No para préstamo Biblioteca de origen Biblioteca actual Ubicación en estantería Fecha de adquisición Fuente de adquisición Total de préstamos Signatura topográfica completa Código de barras Visto por última vez Precio de reemplazo Tipo de ítem Koha
        Biblioteca del Ateneo de Madrid Biblioteca del Ateneo de Madrid Sala Palomar 17/01/2008     C-10886 1087351 23/02/2023 23/02/2023 Libro impreso